Statistiques concernant ANIMAUX COMMENCANT PAR LA LETTRE C

Cliquez ici pour prendre le quiz!

Statistiques générales

  • Ce quiz a été pris 1,669 fois
  • Le résultat moyen est 18 sur 61

Statistiques - réponses

CLASSEMENT REPONSES % Correct
30CHIEN
97%
29CHAT
97%
32CHEVAL
80%
8CANARD
72%
33CHEVRE
70%
46COCHON
65%
26CHAMEAU
56%
49COQ
55%
24CERF
53%
31CHENILLE
50%
34CHIMPANZE
48%
21CASTOR
44%
42COCCINELLE
42%
9CAMELEON
42%
45CHEVREUIL
42%
5CAIMAN
40%
60CYGNE
39%
35CHOUETTE
39%
57CREVETTE
38%
56CRAPAUD
37%
47COLIBRI
35%
53COULEUVRE
35%
3CAFARD
34%
25CHACAL
33%
19CARPE
32%
2CACHALOT
32%
17CARIBOU
31%
38CIGOGNE
31%
37CIGALE
30%
1CACATOES
30%
10CANARI
26%
58CRIQUET
26%
52CORNEILLE
26%
43COBRA
26%
39CLOPORTE
24%
27CHAMOIS
23%
51COUCOU
22%
6CALMAR
21%
59CROTALE
20%
44COLEOPTERE
20%
4CAILLE
17%
54COUGAR
16%
55COYOTE
14%
50CORMORAN
13%
11CAPUCIN
12%
48CONDOR
11%
14CARACAL
10%
7CAMPAGNOL
10%
40COBAYE
10%
13CAPYBARA
8%
12CAPRICORNE
8%
16CARDINAL
5%
15CARCAJOU
5%
28CHARDONNERET
4%
41COATI
4%
61CARACARA
2%
18CAROUGE
1%
20CASSIDE
1%
22CERASTE
1%
23CERCOPE
1%
36CHRIZOMELE
0%

Distribution des résultats

Percentile par nombre de réponses

% des personnes avec chaque résultat

Votre développement - résultats

Vous n’avez pas pris ce quiz